000 00571nam a2200229 a 4500
999 _c6042
_d6042
001 6042
003 BD-JhCC
005 20180101173529.0
008 180101s1967 |||| |||| 00| 0 eng d
035 _a(BD-JhCC)
040 _aBD-JhCC
_dBD-JhCC
041 _aeng
082 _a823.91
_bWYN 1967
100 _aWyndham, John
245 _aThe Outward Urge /
_cJohn Wyndham; Lucas Parkes
260 _aLondon :
_bPenguin books,
_c1967
300 _a186 p. :
_c18cm.
650 _aScience Fiction English
700 _aParkes, Lucas
942 _2ddc
_cBK